000 00393nam a2200157Ia 4500
008 240510s9999 xx 000 0 und d
041 _aEng
082 _a005.3
082 _bV19
245 0 _aVAX/VMS Software : language and tools handbook
260 _bWest Concord, M.A , Digital Equipment corporation
260 _c1985
650 _aVAX/VMS Software
942 _2ddc
942 _cLBK
999 _c23471
_d23471
945 _a1
_bMadushi Gamage
_c1
_dMadushi Gamage